000 00499nam a22001697a 4500
005 20251108164351.0
008 250721s1989 xx 000 0 ara d
082 1 4 _a411.5/خير
100 1 _aأبو الخير، أحمد مصطفى
245 1 0 _aالأصوات في رواية حفص عن عاصم /
264 1 _aالقاهرة :
_bالدار الفنية،
_c1989.
300 _a121ص
650 1 7 _aعلم الأصوات
650 1 7 _aالصوتيات
942 _2ddc
_cBK
999 _c10418
_d10418